000 00500nam a2200157Ia 4500
008 210716s2003 xx 000 0 und d
020 _a8126502733
041 _aeng
082 _a574.015195 NANS
100 _aNanavati, Samir;Thieme, Michael;Nanavati, Raj.
245 _aBiometrics: identity verification in a networked world.
_bIdentity verification in a networked world.
250 _a1
260 _aNew Delhi
_bWiley Dreamtech Pvt Ltd
_c2003
300 _axvi,300
650 _aBioinformatics
999 _c186764
_d186764